000 00674nam a2200253Ia 4500
003 OSt
005 20220927110345.0
006 a|||||r|||| 00| 0
007 ta
008 220926b |||||||| |||| 00| 0 eng d
024 _a63768
037 _cReports
040 _aRTL
_cRTL
_beng
041 _2eng
_aeng
082 _a"X6p1:N20, F0"
110 _aInternational Financial Conference. Brussels. 1920
_9376566
245 0 _aReport 3v in 1
260 _c1920
300 _a210p.
_ccm.
650 _aCredit
_9355682
700 _aInternational Financial Conference. Brussels. 1920
_9376567
942 _h"X6p1:N20, F0"
_cCC
999 _c695762
_d695762